The Biggest Cities in Umbria - Statistics

General Stats
  • This quiz has been taken 32 times
  • The average score is 11 of 19
Answer Stats
Inhabitants Province City % Correct
162,527 Perugia Perugia
100%
106,677 Terni Terni
100%
38,195 Perugia Città di Castello
79%
36,186 Perugia Spoleto
79%
27,549 Perugia Assisi
75%
19,367 Terni Orvieto
75%
55,296 Perugia Foligno
71%
15,134 Perugia Castiglione del Lago
67%
30,358 Perugia Gubbio
67%
17,904 Terni Narni
63%
15,588 Perugia Todi
63%
16,310 Perugia Umbertide
54%
21,311 Perugia Bastia Umbra
42%
14,281 Perugia Gualdo Tadino
33%
14,660 Perugia Magione
33%
11,535 Terni Amelia
29%
18,018 Perugia Marsciano
29%
21,597 Perugia Corciano
25%
11,097 Perugia San Giustino
8%
No matching quizzes found
Score Distribution
Percent of People with Each Score
Percentile by Number Answered
Your Score History
You have not taken this quiz